00562 2200217 4500001002100000005001700021008004100038035002400079082000800103090001500111100002700126245004400153260004500197300002500242500001100267650001900278850001500297980001100312985000600323999001500329YOGYA-0209000000610320090227020852.0 ind  0010-020900000006103 a179 a179bHut W aHUTSCHNECKER, Arnold A aThe Will To LivecArnold A Hutschnecker aNew YorkbThomas Y Crowell Companyc1952 aviii, 278 hlmc21 cm aIndeks aFilsafat Hidup aYOPDYOG(B) a010705 a1 ab000054331